| 000 | 00930 am a22002777a 4500 | ||
|---|---|---|---|
| 001 | 010058282 | ||
| 005 | 20140302113822.0 | ||
| 008 | 911212s1992 xxkad grb 001 0 eng d | ||
| 020 | _a0333482980 (cased) | ||
| 020 | _a0333482999 (pbk) | ||
| 040 |
_aUk _cUk |
||
| 043 | _ae-uk--- | ||
| 082 | 0 | 4 |
_a658.8700941 _222 _bRET |
| 245 | 0 | 0 |
_aRetailing management / _cW. Stewart Howe ... [et al.] |
| 250 | _a1st ed. | ||
| 260 |
_aHoundmills, United Kingdom : _bMacmillan Education Ltd., _c1992 _e(Hong Kong, China) |
||
| 300 |
_axviii, 299 p. : _bchart, tables ; _c24 cm. |
||
| 500 | _aIndex : p. 297-299. | ||
| 504 | _aBibliography : p. 293-296. | ||
| 504 | _aIncludes bibliographical reference. | ||
| 650 | 0 |
_aRetail trade _zGreat Britain _xManagement _935075 |
|
| 653 |
_bBUSADM _cFebruary2014 |
||
| 655 |
_vreading book _934232 |
||
| 700 | 1 |
_935076 _aHowe, W. Stewart _d1945- _q(William Stewart), |
|
| 942 |
_2ddc _k658.8700941 RET |
||
| 999 |
_c18031 _d18003 |
||